Statistics for Top 10 NBA Steals Per Decade

Click here to take the quiz!

General Stats

  • This quiz has been taken 22 times
  • The average score is 22 of 50

Answer Stats

Decade Player STL % Correct
1990sMichael Jordan1 344
100%
2000sJason Kidd1 472
95%
2010sLeBron James1 107
95%
2000sKobe Bryant1 246
95%
1980sMagic Johnson1 464
90%
1990sGary Payton1 603
90%
1990sScottie Pippen1 639
90%
1990sJohn Stockton1 753
90%
2010sChris Paul1 396
86%
2000sAllen Iverson1 521
81%
2010sStephen Curry1 200
81%
2010sRussell Westbrook1 332
76%
1980sClyde Drexler1 101
71%
1980sIsiah Thomas1 338
71%
1980sLarry Bird1 300
71%
2010sJames Harden1 189
67%
1980sRickey Green1 140
67%
1980sAlvin Robertson1 128
62%
2000sBaron Davis1 292
62%
1990sTim Hardaway1 223
57%
2000sAndre Miller1 121
52%
1970sRandy Smith1 018
52%
1990sHakeem Olajuwon1 229
52%
2000sPaul Pierce1 183
48%
2010sPaul George1 071
43%
1990sMookie Blaylock1 742
33%
2000sRon Artest1 244
29%
1970sRick Barry1 024
29%
1980sMicheal Ray Richardson1 363
24%
2010sMike Conley1 027
24%
1990sJeff Hornacek1 164
24%
1980sMaurice Cheeks1 768
24%
2010sTrevor Ariza1 161
24%
2000sShawn Marion1 363
24%
1990sRod Strickland1 205
19%
1970sCalvin Murphy809
19%
1970sFred Brown819
19%
1970sJim Price724
19%
2000sBen Wallace1 063
19%
1980sFat Lever1 287
14%
2010sThaddeus Young1 142
10%
1990sHersey Hawkins1 395
10%
1970sNorm Van Lier767
10%
2000sJason Terry1 063
5%
1980sT.R. Dunn1 131
5%
1970sSlick Watts961
5%
1970sLarry Steele821
5%
2010sMonta Ellis1 082
5%
1970sChris Ford899
0%
1970sSam Lacey742
0%

Score Distribution

Percentile by Number Answered

Percent of People with Each Score

Your Score History

You have not taken this quiz